Digital evidence and electronic signature law review

Detalles Bibliográficos
Título anterior:Digital evidence journal
Formato: Desconocido
Lenguaje:inglés
Publicado: Biggleswade : Pario Communications
Materias:
Acceso en línea:Acceso restringido

MARC

LEADER 00000ny a22000003n 4500
005 20110517132540.0
007 ta
008 071206c20089999enkar p 0 a0eng
022 0 |a 1756-4611 
035 |a 2640 
040 |a Uk  |c Uk  |d vLex 
082 0 4 |a 347.06  |2 22 
090 |c 2026  |d 2026 
245 0 0 |a Digital evidence and electronic signature law review  |h [Recurso electrn̤ico] 
256 |a Servicio en ln̕ea 
260 |a Biggleswade :  |b Pario Communications 
310 |a Anual 
506 1 |a Contenido solo disponible en los productos indicados  |d vLex Global  |d vLex Global (Academic Edition, excluding Law Schools)  |d vLex Global (U.S. Academic Edition, Law Schools)  |d vLex Global (U.S. Academic Edition, excluding Law Schools)  |d vLex Global (Academic Edition, Law Schools) 
650 0 4 |a Delitos informt̀icos  |x Publicaciones perid̤icas 
650 0 4 |a Firma electrn̤ica  |x Publicaciones perid̤icas 
650 0 4 |a Gestin̤ electrn̤ica de documentos  |x Ley y legislacin̤  |x Publicaciones perid̤icas 
650 0 4 |a Prueba (Derecho)  |x Publicaciones perid̤icas 
740 0 |a vLex Revista (Servicios en ln̕ea) 
780 0 0 |t Digital evidence journal  |x 1750-7200 
843 |a Electrn̤ica. Abierta 
853 |8 1  |i (year)  |j (month)  |k (day) 
856 4 0 |u http://vlex.com/source/2640  |z Acceso restringido 
942 |c REV 
999 0 |a Computer crimes  |v Periodicals. 
999 0 |a Digital signatures  |v Periodicals. 
999 0 |a Electronic records  |v Periodicals. 
999 0 |a Evidence (Law)  |v Periodicals.